1255 1133 1478 1512 1812 1480 1753 1397 1967 1876 1735 1735 1788 1960 1208 1526 1453 1885 1960 1577 1497 1854 1583 1813 1555 1129 1429 1016 1744 1809 1711 1417 1995 1094 1698 1725 1727 1444 1829 1859 1945 1674 1852 1591 1666 1549 1735 1540 1267 1684 1304 1159 1987 1341 1860 1199 1188 1178 1564 1637 1169 1606 1151 1635 1781 1384 1728 1116 1147 1529 1658 1812 1602 1887 1760 1395 1709 1835 1147 1280 1788 1012 1208 1230 1586 1364 1488 1089 1166 1254 1499 1857 1650 1068 1159 1726 1012 1463 1867 BCNSPRNW ULIB Ver.6.0+V

เปลี่ยนเป็นภาษาไทย

Change to English
 แสดงรายละเอียดบรรณานุกรม
  กลับหน้าหลัก

Brief Record : Get Marc (ISO 2709) : E-mail record : QR code < ปิดหน้าต่าง
LEADER : 00000nam 2200000uu 4500
001    13399120077
003     ULIB
008    020711s|||| th a 000 0 tha d
020    9789741614813
099    นว.^bอ111ม
100    อ.ไชยวรศิลป์
245    แม่สายสะอื้น/^cอ.ไชยวรศิลป์
260     ^bม.ป.ท.,^cม.ป.ป.
300    367 หน้า หน้า
945    ^p245^l0^i024489
999    ^aวรรณษา ชูชัยมงคล
รายการนี้ยังไม่มีแท็ก
คุณยังไม่ได้ล็อกอิน คุณสามารถมีกิจกรรมร่วมกับเว็บไซต์ได้ แต่ต้องล็อกอินก่อน ::
  ล็อกอิน

รายการสื่อสารสนเทศ

ลำดับที่ ประเภท เลขเรียก/บาร์โค้ด สถานที่ สถานะ
1. นวนิยาย
นวนิยาย
นว. อ111ม ฉ.1 
  Barcode: 024489
ห้องสมุดวิทยาเขตสวรรค์ประชารักษ์
►นวนิยาย
บนชั้น
  ขอยืม

BibComment


ยังไม่เคยถูกคอมเมนท์

คอมเมนท์ทรัพยากรรายการนี้
  คอมเมนท์: แม่สายสะอื้น อไชย..


 Copyright 2026. Bcnsprnw @Library